Les 40 joueurs africains les plus chères - Statistiques

Statistiques générales
  • Ce quiz a été pris 180 fois
  • Le résultat moyen est 16 sur 40
Statistiques - réponses
Club Actuel Nationalité Valeur Marchande Nom % Correct
Liverpool FC Egypte 65 M Mohamed Salah
99%
Paris SG Maroc 65 M Achraf Hakimi
97%
Naples Nigéria 120 M Victor Osimhen
88%
Manchester United Cameroun 40 M André Onana
71%
Al-Nassr Sénégal 25 M Sadio Mané
71%
Naples Cameroun 40 M André-Franck Zambo Anguissa
65%
AC Milan Algérie 38 M Ismaël Bennacer
65%
Bayer Leverkusen Nigeria 40 M Victor Boniface
56%
West Ham Utd Ghana 40 M Mohamed Kudus
53%
Tottenham Sénégal 35 M Pape Matar Sarr
53%
VFB Stuttgart Guinée 40 M Serhou Guirassy
51%
Arsenal FC Ghana 35 M Thomas Partey
51%
Bayern Munich Maroc 28 M Noussair Mazraoui
49%
Bayer Leverkusen Burkina Faso 40 M Edmond Tapsoba
47%
Manchester United Maroc 30 M Sofyan Amrabat
47%
Chelsea FC Sénégal 35 M Nicolas Jackson
42%
West Ham Maroc 35 M Nayef Aguerd
40%
Athletic Bilbao Ghana 25 M Inaki Williams
37%
Borussia Dortmund Côte d'Ivoire 25 M Sebastien Haller
37%
Al-Nassr Côte d'Ivoire 24 M Seko Fofana
37%
Salernitana Sénégal 22 M Boulaye Dia
33%
Tottenham Mali 30 M Yves Bissouma
32%
Wolves Algérie 25 M Rayan Aït-Nouri
29%
West Ham Utd Algérie 25 M Saïd Benrahma
29%
OGC Nice Algérie 35 M Amine Gouiri
28%
Brentford FC Cameroun 35 M Bryan Mbeumo
28%
OGC Nice Nigeria 25 M Terem Moffi
28%
Atalanta BC Nigeria 30 M Ademola Lookman
27%
Bayer Leverkusen Maroc 25 M Amine Adli
24%
Crystal Palace Mali 35 M Cheick Doucouré
21%
AS Monaco Mali 30 M Mohamed Camara
21%
Fulham FC Nigeria 28 M Alex Iwobi
17%
Bayer Leverkusen Côte d'Ivoire 28 M Odilon Kossounou
15%
AC Milan Nigeria 25 M Samuel Chukwueze
15%
AS Roma Côte d'Ivoire 28 M Evan N'Dicka
14%
Nottingham Forest Côte d'Ivoire 35 M Ibrahim Sangaré
14%
Sporting CP Côte d'Ivoire 25 M Ousmane Diomandé
12%
Nottingham Forest Nigeria 30 M Taïwo Awoniyi
10%
AFC Bournemouth Burkina Faso 25 M Dango Ouattara
8%
Bayer Leverkusen Nigeria 23 M Nathan Tella
6%
Aucun quiz correspondant
Distribution des résultats
% des personnes avec chaque résultat
Percentile par nombre de réponses
Votre historique - résultats
Vous n’avez pas pris ce quiz